书目信息 |
| 题名: |
感受美国:位华人律师眼中的美国
|
|
| 作者: | 李兆阳 著 | |
| 分册: | ||
| 出版信息: | 北京 清华大学出版社 2003.04 |
|
| 页数: | 247页 | |
| 开本: | 24cm | |
| 丛书名: | ||
| 单 册: | ||
| 中图分类: | K971.2 | |
| 科图分类: | ||
| 主题词: | 地理 | |
| 电子资源: | ||
| ISBN: | 7-302-06357-5 | |
| 000 | 00576nam0 2200193 45 | |
| 001 | 0457282637 | |
| 005 | 2004042915544025 | |
| 010 | @a7-302-06357-5@dCNY 28.00 | |
| 100 | @a20040429d2003 km y0chiy0120 ea | |
| 101 | 0 | @achi |
| 102 | @aCN@b110000 | |
| 200 | 1 | @a感受美国:位华人律师眼中的美国@AGan Shou Mei Guo:Wei Hua Ren Lu Shi Yan Zhong De Mei Guo@f李兆阳著@FLi Zhao Yang Zhu |
| 210 | @a北京@c清华大学出版社@d2003.04 | |
| 215 | @a247页@d24cm | |
| 606 | 0 | @a地理 |
| 690 | @aK971.2@v3 | |
| 701 | 0 | @a李兆阳@ALi Zhao Yang@4著 |
| 801 | 0 | @aCN@bPFT@c20040429 |
| 905 | @dK971.2@eL338 | |
| 感受美国:位华人律师眼中的美国/李兆阳著.-北京:清华大学出版社,2003.04 |
| 247页;24cm |
| ISBN 7-302-06357-5:CNY 28.00 |
| ● |
| 相关链接 |
|
|
|
正题名:感受美国:位华人律师眼中的美国
索取号:K971.2/L338
 
预约/预借
| 序号 | 登录号 | 条形码 | 馆藏地/架位号 | 状态 | 备注 |
| 1 | 380316 | 203803161 | 社科库309/ [索取号:K971.2/L338] | 在馆 | |
| 2 | 380317 | 203803170 | 社科库309/309社科库 29排4列1层/ [索取号:K971.2/L338] | 在馆 | |
| 3 | 380512 | 203805123 | 社科库309/309社科库 29排4列1层/ [索取号:K971.2/L338] | 在馆 |